000 01434cam a2200325 a 4500
999 _c129763
_d129763
001 11794783
003 ARRUPE
005 20190828102016.0
008 990924s2000 enk b 001 0 eng
010 _a 99049424
020 _a0631216863 (hbk. : alk. paper)
020 _a0631216871 (pbk. : alk. paper)
040 _aDLC
_cDLC
_dDLC
043 _ae-uk---
050 0 0 _aHN390
_b.H52 2000
082 0 0 _a361.6/1/0941
_221
100 1 _aHill, Michael J.
_q(Michael James),
_d1937-
_947969
245 1 0 _aUnderstanding social policy /
_cMichael Hill.
250 _a6th ed.
260 _aOxford ;
_aMalden, Mass. :
_bBlackwell Publishers,
_c2000.
300 _aviii, 278 p. ;
_c24 cm.
504 _aIncludes bibliographical references (p. [262]-273) and index.
650 0 _aWelfare state.
_97525
650 0 _aWelfare economics.
_919002
651 0 _aGreat Britain
_xSocial policy.
_947970
856 4 2 _3Contributor biographical information
_uhttp://www.loc.gov/catdir/enhancements/fy0802/99049424-b.html
856 4 2 _3Publisher description
_uhttp://www.loc.gov/catdir/enhancements/fy0802/99049424-d.html
856 4 1 _3Table of contents only
_uhttp://www.loc.gov/catdir/enhancements/fy0802/99049424-t.html
906 _a7
_bcbc
_corignew
_d1
_eocip
_f19
_gy-gencatlg
942 _2lcc
_cMONOGRAPH